000 00660nam a2200253Ia 4500
003 OSt
005 20220918163322.0
006 a|||||r|||| 00| 0
007 ta
008 220917b |||||||| |||| 00| 0 eng d
020 _a0 552 12078 2
024 _a30,087
037 _cTextual
040 _aARTS
_cARTS
_beng
041 _2eng
_aeng
082 _aO111,3NCOP,2, M2
100 _aCoppel Alfred
_912648
245 0 _aAppocalypse Brigade
260 _aLondon
_bTransworld UK
_c1982
300 _a363p.
_ccm.
650 _aENGLISH LITERATURE
942 _hO111,3NCOP,2, M2
_cTEXL
_2CC
999 _c119075
_d119075